Lana Del Rey – ALL UNRELEASED - Statistics

General Stats
  • This quiz has been taken 148 times
    136 since last reset
  • The average score is 71 of 241
Answer Stats
Album Track # Answer % Correct
No Kung Fu 6 Put Me In A Movie
71%
AKA 11 Put Me in a Movie
71%
AKA 2 Queen of the Gas Station
69%
Serial Killer
69%
No Kung Fu 7 Yayo
69%
AKA 13 Yayo
69%
From the End 9 Drive By (For K)
67%
Sirens 1 Drive By (For K)
67%
AKA 1 Kill Kill
67%
Playing Dangerous
67%
Boarding School
65%
AKA 12 Smarty
65%
Every Man Gets His Wish
63%
Jealous Girl
63%
Party Girl (St. Tropez)
63%
Your Girl
63%
Go Go Dancer
59%
AKA 4 Gramma (Blue Ribbon Sparkler Trailer Heaven)
59%
The Phenomenon of Lizzy Grant 3 Pawn Shop Blues
59%
AKA 9 Pawn Shop Blues
59%
Prom Song (Gone Wrong)
59%
Be My Daddy
57%
Velvet Crowbar
55%
No Kung Fu 1 Brite Lights
53%
Hollywood
53%
Kinda Outta Luck
53%
Meet Me In the Pale Moonlight
53%
No Kung Fu 5 Mermaid Motel
53%
AKA 7 Mermaid Motel
53%
Ridin' (with A$AP Rocky)
51%
Demo March 2009 17 Trash Magic
51%
Trash Magic
51%
Back to tha Basics
49%
Big Bad Wolf
49%
AKA 10 Brite Lites
49%
Hundred Dollar Bill
49%
Angels Forever, Forever Angels
47%
BBM Baby
47%
Queen of Disaster
47%
TV in Black and White
47%
Break My Fall
45%
Dangerous Girl
45%
Fine China
45%
Hollywood's Dead
45%
She's Not Me
45%
Tired of Singing the Blues
45%
Wayamaya
45%
French Restaurant
43%
AKA 8 Raise Me Up (Mississippi South)
43%
You Can Be the Boss
43%
Damn You
41%
Driving In Cars With Boys
41%
I Talk To Jesus
41%
Party Girl
41%
Roses (with Theophilus London)
41%
Serene Queen
41%
1949
39%
Butterflies, Pt. 1
39%
Butterflies, Pt. 2
39%
AKA 5 For K Part 2
39%
Girl That Got Away
39%
Is It Wrong?
39%
Motel 6 (Slow Gin Fizz)
39%
AKA 3 Oh Say Can You See
39%
Pink Champagne
39%
Resistance
39%
Sirens 3 A Star For Nick
37%
The Phenomenon of Lizzy Grant 2 A Star for Nick
37%
Because of You
37%
Dragonslayer
37%
Dum Dum
37%
Ice Cream
37%
I Want It All
37%
No Kung Fu 3 Jimmy Gnecco
37%
No Kung Fu 4 Jump
37%
AKA 6 Jump
37%
Sirens 4 My Momma
37%
Never Let Me Go
37%
The Phenomenon of Lizzy Grant 1 Rahab
37%
Valley of the Dolls
37%
Demo March 2009 10 Elvis
35%
JFK
35%
Live or Die
35%
Ave Maria
33%
Behind Closed Doors
33%
Cry Kill Die
33%
Hot Hot Hot
33%
Noir
33%
Take Me to Paris
33%
Demo March 2009 11 Axl Rose Husband
31%
Delicious
31%
Heavy Hitter
31%
Marilyn Monroe (Puppy Love)
31%
Put the Radio On
31%
Summer of Sam
31%
Afraid
29%
Beautiful Player
29%
Cult Leader
29%
He Hits Me Because He Loves Me
29%
Hit and Run
29%
Last Girl On Earth
29%
Marilyn
29%
Us Against the World
29%
Demo March 2009 18 4th of July
27%
Ben
27%
Demo March 2009 13 Cherry (You're Gonna Love Me)
27%
From the End 8 Dear Elliot (Westbound)
27%
Sirens 7 Dear Elliot (Westbound)
27%
No Kung Fu 2 Get Drunk
27%
Maha Maha
27%
Midnight Dancer Girlfriend
27%
Paradise
27%
Push Me Down
27%
True Love On the Side
27%
Young Like Me 2 You, Mister
27%
80s Baby
24%
From the End 10 Aviation
24%
Sirens 12 Aviation
24%
From the End 3 Bad Disease
24%
Sirens 5 Bad Disease
24%
Sirens 15 Birds Of A Feather
24%
California
24%
C U L8r Alligator
24%
Dynamite
24%
Hey You
24%
Demo March 2009 6 Jesus is My Boyfriend
24%
Lake Placid (I Don't Wanna Go)
24%
Melancholia
24%
Moi Je Joue
24%
Television Heaven
24%
Young Like Me 5 There's Nothing to Be Sorry About
24%
Demo March 2009 16 Coca Cola (My Song 57)
22%
Coca Colla
22%
Dreamgirl
22%
Ghetto Baby
22%
From the End 6 How Do You Know Me So Well? (I'm Indebted To You)
22%
Sirens 10 How Do You Know Me So Well? (I'm indebted To You)
22%
Live Forever (Golden Grill)
22%
Match Made in Heaven
22%
Ooh Baby (Are You Ready)
22%
Other Woman
22%
From the End 1 Out With A Bang
22%
Sirens 6 Out With A Bang
22%
Demo March 2009 8 Pin Up Galore (Roller Dirby)
22%
Poetry In Motion
22%
Sirens 11 Pretty Baby
22%
Wolf T-Shirt
22%
All Smiles
20%
Backfire
20%
Bad Boy
20%
Betty Boop Boop
20%
Young Like Me 1 Blizzard
20%
Come With Me
20%
Connection
20%
Crooked Cop
20%
Daddy Issues
20%
Demo March 2009 14 Disco
20%
Fake Diamond
20%
I Caught You Boy
20%
Young Like Me 7 In Wendy
20%
Young Like Me 3 Junky Pride
20%
Sirens 14 Junky Pride
20%
Playground
20%
Spin Me Round
20%
The Devil
20%
Demo March 2009 5 Bikini Gold
18%
Breaking My Heart
18%
Children of the Bad Revolution
18%
Hawaiian Tropic
18%
Demo March 2009 1 I Learned How to Make Love from the Movies
18%
Madly
18%
Young Like Me 6 More Mountains
18%
Sirens 2 Next to Me (River Road)
18%
From the End 2 Peace (All You Need)
18%
Sirens 9 Peace (All You Need)
18%
Put Your Lips Together
18%
Roses Bloom for You
18%
Run Motorcycle
18%
Scarface
18%
From the End 7 Try Tonight
18%
Sirens 8 Try Tonight
18%
Wild One
18%
Zodiac (Purify Me)
18%
Baby Blue Love
16%
Demo March 2009 15 Bentley
16%
Catch and Release
16%
Criminals Run the World
16%
Daytona Meth (Hollywood Movie)
16%
Gangsta Boy
16%
In the Sun
16%
I Was In A Bad Way
16%
Demo March 2009 9 Lemonade Motorcy (Dance for Money)
16%
Demo March 2009 3 Meth Love (Methamphetamines)
16%
The Phenomenon of Lizzy Grant 4 Munny Hunny
16%
On Our Way
16%
Demo March 2009 4 Star Lux
16%
Stoplight De-Lite
16%
Unidentified Flying Bill (with Barrie James)
16%
Won Me Over (with G-Eazy)
16%
Demo March 2009 19 Beach Boys
14%
Come When You Call Me A.M.E.R.I.C.A.
14%
Dark City
14%
Everything I Do
14%
Fordham Road
14%
Making Out
14%
Young Like Me 4 Move (Find My Own Way)
14%
Sirens 13 Move (Find My Own Way)
14%
Queen of Hearts
14%
The Phenomenon of Lizzy Grant 5 Rahab II
14%
Starry Eyed
14%
Super Movie
14%
Vivian
14%
Your Band Is All the Rage
14%
Crazy for You
12%
Heartshaped Chevrolet
12%
Hey Blue Baby
12%
If I Die Young
12%
Millionaire
12%
My Best Days
12%
The Mirror
12%
Demo March 2009 7 Waimea
12%
Demo March 2009 12 Bellevue
10%
Boom Like That
10%
From the End 4 For You
10%
Demo March 2009 2 Greenwich Acid
10%
Roll With Me (On the Radio)
10%
From the End 5 Wait
10%
Don't Stop
8%
Hangin' Around
8%
Joshy & I
8%
Let My Hair Down
8%
Lift Your Eyes
8%
Me & My Boyfriend
8%
So Legit
8%
Strangelove
8%
Sweetheart
8%
What's A Girl To Do
8%
Have a Baby
6%
Numbness (with Mac Miller)
6%
Prettiest Girl in Country Music (with Nikki Lane)
6%
I Must Be Stupid for Being So Happy
4%
No matching quizzes found
Score Distribution
Percent of People with Each Score
Percentile by Number Answered
Your Score History
You have not taken this quiz since the last reset